Business Mathematics (Record no. 711)

MARC details
000 -LEADER
fixed length control field 00412nam a22001697a 4500
005 - DATE AND TIME OF LATEST TRANSACTION
control field 20180606115604.0
008 - FIXED-LENGTH DATA ELEMENTS--GENERAL INFORMATION
fixed length control field 160513b xxu||||| |||| 00| 0 eng d
020 ## - INTERNATIONAL STANDARD BOOK NUMBER
ISBN 81-8412035-4
041 ## - LANGUAGE CODE
Language code of text/sound track or separate title eng
082 ## - DEWEY DECIMAL CLASSIFICATION NUMBER
Item number 1838
Classification number 650.01513
100 ## - MAIN ENTRY--AUTHOR NAME
Personal name A.P. Verma
245 ## - TITLE STATEMENT
Title Business Mathematics
260 ## - PUBLICATION, DISTRIBUTION, ETC. (IMPRINT)
Place of publication New Delhi
Name of publisher Asian Books Pvt. Ltd.
Year of publication 2007
300 ## - PHYSICAL DESCRIPTION
Number of Pages 26.32
650 ## - SUBJECT ADDED ENTRY--TOPICAL TERM
Topical Term Management
942 ## - ADDED ENTRY ELEMENTS (KOHA)
Koha item type Books
Holdings
Lost status Damaged status Home library Current library Shelving location Date acquired Cost, normal purchase price Full call number Accession Number Koha item type
    JRU Library JRU Library SHELF-75-D 13/05/2016 450.00 650.01513 1838 Books
    JRU Library JRU Library SHELF-75-D 13/05/2016 450.00 650.01513 1839 Books
    JRU Library JRU Library SHELF-75-D 13/05/2016 450.00 650.01513 1840 Books
    JRU Library JRU Library SHELF-75-D 13/05/2016 450.00 650.01513 1841 Books
    JRU Library JRU Library SHELF-75-D 13/05/2016 450.00 650.01513 1842 Books